00681nam a2200193 a 450000100060000000300090000600800410001502000140005604000280007008200180009810000350011624500860015126000290023730000160026665000360028294200120031899900170033095201400034725341CO-ViMGA141112s2004 ck r 000 u spa d a84470502X aCO-ViMGAbspacCO-ViMGA04a346.017 G172a1 aGarcia Rubio, Maria Paz93863810aAliemntos entre Conyuges y entre Convivientes de Hecho / cMaria Paz Garcia Rubio aColombia : bCivitas S.A a240 P 20 cm14aAlimentos entre Conyuges938639 2ddccBK c32949d32949 00102ddc40708002aMEVIECARbMEVIECARd2015-12-04h26/nov/2013l0o346.017 G172a p26364r2015-12-04 00:00:00tEj. 1w2015-12-04yBK